Ecrivains de fiction - Statistiques

Statistiques générales
  • Ce quiz a été pris 17 fois
    5 depuis la dernière actualisation
  • Le résultat moyen est 8 sur 21
Statistiques - réponses
Ecrivain de fiction Univers % Correct
Bathilda Tourdesac Harry Potter
100%
Schtroumpf poète Les Schtroumpfs
100%
Bilbon Sacquet Le Hobbit
60%
Lucas Scott Les Frères Scott
60%
Carrie Bradshaw Sex and the City
60%
Rick Castle Castle
40%
Jack Torrance Shining
40%
Lucy Heartfilia Fairy Tail
40%
Lucien de Rubempré La Comédie Humaine
40%
Josephine March Les Quatre Filles du docteur March
40%
Keith Mars Veronica Mars
40%
Bergotte A la recherche du temps perdu
20%
Catherine Tramell Basic Instinct
20%
Rohan Kishibe Jojo's Bizarre Adventure
20%
Jean-Sol Partre L'Ecume des Jours
20%
Brian Griffin Les Griffin
20%
August Wayne Booth Once upona time
20%
Anis Pokémon
20%
Robert L.Stine Chair de poule
0%
Satoru Fujinuma Erased
0%
Edmond Wells Livres de Bernard Werber
0%
Aucun quiz correspondant
Distribution des résultats
% des personnes avec chaque résultat
Percentile par nombre de réponses
Votre historique - résultats
Vous n’avez pas pris ce quiz depuis la dernière actualisation